| 000 | 01757cam a22004094i 4500 | ||
|---|---|---|---|
| 003 | PE-LiUPU | ||
| 005 | 20250731183334.0 | ||
| 008 | 140611s2009 sp ao g f 1 spa | ||
| 020 | _a9788492463381 | ||
| 035 | _a(Sirsi) i9788492463381 | ||
| 040 |
_aPE-LiUPU _bspa _cPE-LiUPU _erda |
||
| 049 | _aPRUA | ||
| 082 | 0 | 4 |
_a747.797 _bS31 |
| 100 | 1 |
_aSchleifer, Simone K., _eautor. |
|
| 245 | 1 | 0 |
_aCocinas de campo con encanto : _buna guía preciosa del estilo y la cocina de Italia / _cSimone K. Schleifer. |
| 264 | 1 |
_aEspaña : _bLOFT, _c2009 |
|
| 300 |
_a215 páginas : _bilustraciones ; _30 cm |
||
| 336 |
_atext _2rdacontent |
||
| 337 |
_aunmediated _2rdamedia |
||
| 338 |
_avolume _2rdacarrier |
||
| 505 | 0 | _aPrimavera -- La gracia del tiempo -- Campo aristocrático -- La naturaleza dentro -- Refugio de un arquitecto -- El protagonista cautivador -- Recetas de primavera -- Verano -- En blanco y negro -- El equilibrio perfecto -- Caprichos en turquesa -- Humor verde agua. | |
| 526 | _aP158 | ||
| 526 | _aP146 | ||
| 526 | _aP17 | ||
| 526 | _aP12 | ||
| 526 | _aP06 | ||
| 650 | 1 | 4 |
_aCocinas _xDecoración de interiores. |
| 700 | 1 | _aMotta, Cillero & de Motta. | |
| 910 | _a | ||
| 910 |
_agl _clch20140611 |
||
| 942 |
_2ddc _cBOOK |
||
| 949 |
_a747.797 S31 _wDEWEY _c1 _i69697 _d2015-10-14 _e2015-10-13 _lCCODEBUL1 _mBUL _n2 _p94.00 _r0 _sY _tBOOK _u2015-7-6 _xINGENIERIA _PP06 _0COMPRA _o.STAFF. Colección General |
||
| 994 |
_aC0 _bPEPRU |
||
| 596 | _a1 | ||
| 999 |
_a747.797 S31 _wDEWEY _c6095 _i69697 _d6095 _e2015-10-13 _f2021-11-10 _g7 _lCCODEBUL1 _mBUL _n2 _p94.00 _r0 _sY _tBOOK _u2015-7-6 _xINGENIERIA _PP06 _0COMPRA _o.STAFF. Colección General |
||
| 980 |
_81 _gALBERTO SANCHEZ Responsable de Automatización |
||